Poznaj piłkarza #3 - Statystyki

Ogólne statystyki
  • Ten quiz został rozwiązany 39 razy
  • Średni wynik to 3 z 5
Statystyki odpowiedzi
Ciekawostka Piłkarz % Poprawnych
Bramkarz z Borussi M'Gladbach, przeszedł do Barcelony. ter Stegen
95%
Grał na pozycji napastnika grającego w Brazylii (ok.2005r.) Ronaldo
84%
Nazywał się jak... pora roku. Lato
81%
Wielki talent Barcelony w 2018-19 roku. Brazylijczyk Arthur | Arthur Melo
19%
Zawodnik Juventusu, Ajaxu i Man United. Edwin van der Sar
3%
Nie znaleziono quizów pasujących do podanych kryteriów
Rozkład punktacji
Procent ludzi z każdym wynikiem
Percentyl według liczby udzielonych odpowiedzi
Twoja historia wyników
Nie rozwiązałeś tego quizu